Регионална библиотека "Любен Каравелов" - Русе

Приватизационните фондове (Запис номер 11120)

MARC детайли
000 -Лидер
Контролно поле с фиксирана дължина 01769nam a2200385 c 4500
003 - Код на организацията, давaща контролен номер
Контролно поле BLK
005 - Дата и час на последна редакция
Контролно поле 20180420214619.0
008 - Елементи от данни с фиксирана дължина
fixed length control field 180412b bul|||||r ||||||| ||bul||
010 ## - Наследен системен номер
LC control number KNG00012643000
020 ## - Международен стандартен номер на книга ISBN
Международен стандартен номер на книга ISBN 954-649-050-4
-- издат.: Сиела Софт енд Паблишинг
040 ## - Източник на каталожния запис
Идентификатор на билиотеката - собственик на записа BLK
041 ## - Код за език
Код за езика на текст/звукозапис или на отделно заглавие Български
Код за езика КДБФ Български
080 ## - УДК
Текстов определител УДК Намеса на държавата в пазарното стопанство. Вж и 338.246
УДК код - определител по УДК 338.242.4
УДК определител .025.88
УДК - код + определител 338.242.4.025.88
080 ## - УДК
Текстов определител УДК Капиталовложения. Образуване на капитала. Инвестиции
УДК код - определител по УДК 330.322
УДК определител
УДК - код + определител 330.322
080 ## - УДК
Текстов определител УДК Кредит. Функции на кредита в националната икономика. Финансов лизинг. Кредитни дружества и банки. Безлихвени заеми и др.
УДК код - определител по УДК 336.77
УДК определител
УДК - код + определител 336.77
100 1# - Редна дума - Автор
Автор Георгиев, Владимир Георгиев
Авторска отговорност първи автор
R(LIN) 256172
139 ## - Редно поле
Редна дума Георгиев, Владимир Георгиев
Авторски знак Георгиев - Г 37
245 10 - Сведения за заглавието
Заглавие Приватизационните фондове
Редно поле (дума) Владимир Георгиев Георгиев.
257 ## - Страна на издаване
Страна на създаване/издаване България
260 ## - Област на издателските данни
-- София
Име на издателя, разпространителя и проч. Сиела Софт енд Паблишинг
Година на издаване 1996
300 ## - Физическа характеристика
Страници 286 с.
Размери/Мащаб 22 см
380 ## - Жанр
Жанр Обществени науки
500 ## - Общи забележки
Забележка Деп. списък: 19. - 1 000 тир.
650 #4 - Допълнително описание по предмет – тема
Основно описание – тема или топоним Приватизация
9 (RLIN) 167757
650 #4 - Допълнително описание по предмет – тема
Основно описание – тема или топоним Инвестиции
9 (RLIN) 157148
650 #4 - Допълнително описание по предмет – тема
Основно описание – тема или топоним Капиталов пазар
9 (RLIN) 242933
650 #4 - Допълнително описание по предмет – тема
Основно описание – тема или топоним Акционерни дружества
9 (RLIN) 253982
653 ## - Ключова дума – ненормативна
Ключова дума приватизация
653 ## - Ключова дума – ненормативна
Ключова дума фондове
852 ## - Местоположение
Форматна сигнатура Цб 189114
856 4# - Електронен адрес и достъп
Електронен формат pdf - файл
Път до файла /url/
856 4# - Електронен адрес и достъп
Електронен формат pdf - файл
Път до файла /url/
942 ## - АРТИКУЛИ
Вид на библиотечния материал Книги
Скрит в OPAC Не
944 ## - СЪЗДАВАНЕ И РЕДАКЦИЯ на ЗАПИСА
Създаване/Редакция Създаване
Дата на регистрацията/редакция 15.01.2003
Служител, извършил регистрацията/редакцията Кети_Илиева
944 ## - СЪЗДАВАНЕ И РЕДАКЦИЯ на ЗАПИСА
Създаване/Редакция Редакция
Дата на регистрацията/редакция 21.11.2012
Служител, извършил регистрацията/редакцията
999 ## - СИСТЕМНИ КОНТРОЛНИ НОМЕРА
Koha biblionumber 11120
Koha biblioitemnumber 11120
Наличности
Код за отписване Код за изгубен артикул Източник на класификационната схема Код за повреда Коз за рестрикции Код за отдаване Артикулен № Име на библиотеката - собственик Име на библиотеката, в която се намира в момента Статус (Текущо местоположение) Дата на вписване в системата Местоположение - отдел Цена в лева Инвентарен номер Систематично азбучна сигнатура Баркод Номер на екземпляра Цена в евро Служебна бележка Служебен тип на артикула
  Не е изгубен Universal Decimal Classification Не е повреден без рестрикции ползва се в читалня 19310 Регионална библиотека "Любен Каравелов" Русе Регионална библиотека "Любен Каравелов" Русе Читалня 2001-01-01 Читалня 2.29 620717 Ч 338/Г 37 120000620717 1 1.17 Дата инв: 23.03.2017 Бележки инв: Ч2017 Книги
  Не е изгубен Universal Decimal Classification Не е повреден без рестрикции ползва се в читалня 19311 Регионална библиотека "Любен Каравелов" Русе Регионална библиотека "Любен Каравелов" Русе Хранилище 2001-01-01 Хранилище 2.29 623134 Цб 189114 120000623134 2 1.17   Книги
Vip Innovations Ltd, Rousse, Bulgaria 2025